Bold & effective, fearless witnessing. (Record no. 13221)

000 -LEADER
fixed length control field 00563nam a2200181 a 4500
001 - CONTROL NUMBER
control field :::00011039$&:&@@
003 - CONTROL NUMBER IDENTIFIER
control field OkBaRHE
005 - DATE AND TIME OF LATEST TRANSACTION
control field 20000607103405.0
008 - FIXED-LENGTH DATA ELEMENTS--GENERAL INFORMATION
fixed length control field s1986 j 000 0 eng u
040 ## - CATALOGING SOURCE
Transcribing agency
100 1# - MAIN ENTRY--PERSONAL NAME
Personal name Treat, Wendy.
245 10 - TITLE STATEMENT
Title Bold & effective, fearless witnessing.
260 ## - PUBLICATION, DISTRIBUTION, ETC. (IMPRINT)
Place of publication, distribution, etc Seattle, WA., :
Name of publisher, distributor, etc Casey Treat Ministries
Date of publication, distribution, etc c1986
300 ## - PHYSICAL DESCRIPTION
Extent 89 p. ;
Dimensions 22 cm.
650 ## - SUBJECT ADDED ENTRY--TOPICAL TERM
Topical term or geographic name as entry element Witness Bearing (Christianity)
942 ## - ADDED ENTRY ELEMENTS (KOHA)
Source of classification or shelving scheme
Koha item type Books
Copies
Date acquired Permanent Location Date last seen Withdrawn status Damaged status Shelving location Koha item type Barcode Price effective from Full call number Copy number Lost status Source of classification or shelving scheme Not for loan
2010-04-14RHEMA Bible Training College2010-04-14  General StacksBooks110392010-04-14BV 4520 .T7B61